<?xml version="1.0" encoding="UTF-8"?>
<record
    xmlns:xsi="http://www.w3.org/2001/XMLSchema-instance"
    xsi:schemaLocation="http://www.loc.gov/MARC21/slim http://www.loc.gov/standards/marcxml/schema/MARC21slim.xsd"
    xmlns="http://www.loc.gov/MARC21/slim">

  <leader>01650nas  2200289   4500</leader>
  <controlfield tag="001">87</controlfield>
  <datafield tag="090" ind1=" " ind2=" ">
    <subfield code="a">87</subfield>
  </datafield>
  <datafield tag="100" ind1=" " ind2=" ">
    <subfield code="a">20190715b        u||y0frey50      ba</subfield>
  </datafield>
  <datafield tag="101" ind1=" " ind2=" ">
    <subfield code="a">fre</subfield>
  </datafield>
  <datafield tag="200" ind1=" " ind2=" ">
    <subfield code="a">Le rebrousse-Poil</subfield>
    <subfield code="b">P&#xE9;riodique</subfield>
    <subfield code="e">Mensuel d'action non-violente, d'&#xE9;cologie et de contre-information</subfield>
    <subfield code="f">Jean-Claude Hennet</subfield>
    <subfield code="f">Philippe Beck</subfield>
    <subfield code="f">Michel Rime</subfield>
    <subfield code="f">Jean-Philippe Jeannerat</subfield>
  </datafield>
  <datafield tag="210" ind1=" " ind2=" ">
    <subfield code="a">Lausanne</subfield>
    <subfield code="b">avenue de B&#xE9;thusy 56, 1012 Lausanne</subfield>
    <subfield code="b">Case postale 308 1211 Gen&#xE8;ve 4</subfield>
    <subfield code="c">Le Rebrousse-Poil</subfield>
    <subfield code="g">CEDIPS</subfield>
    <subfield code="g">Coop&#xE9;rative d'Impressions Nouvelles</subfield>
    <subfield code="g">Atelier Offset Perrin</subfield>
    <subfield code="g">Genodruck</subfield>
    <subfield code="d">1978-1985</subfield>
  </datafield>
  <datafield tag="215" ind1=" " ind2=" ">
    <subfield code="d">30 cm.</subfield>
  </datafield>
  <datafield tag="230" ind1=" " ind2=" ">
    <subfield code="a">8 fichiers PDF (texte)</subfield>
  </datafield>
  <datafield tag="300" ind1=" " ind2=" ">
    <subfield code="a">Fusion de: Le r&#xE9;sistant &#xE0; la guerre, et de: Combat non-violent</subfield>
  </datafield>
  <datafield tag="304" ind1=" " ind2=" ">
    <subfield code="a">Collaborateurs pour le n&#xB0;3: Georges Bacon, Antoine Duplan, Marie Empain, Michel Froidevaux, Philippe Gottraux, Vincent Guyot, Jean-Claude Hennet, Andr&#xE9; Humberset, Florence Lardet, Denis Membrez, Alain Lenoir, Marc Morier, Christian Schilter, Pascal Shmidt, Pascal Tharin</subfield>
  </datafield>
  <datafield tag="326" ind1=" " ind2=" ">
    <subfield code="a">Mensuel</subfield>
  </datafield>
  <datafield tag="436" ind1=" " ind2=" ">
    <subfield code="0">365</subfield>
    <subfield code="9">365</subfield>
    <subfield code="c">Lausanne</subfield>
    <subfield code="d">1972-1977</subfield>
    <subfield code="n">Centre Martin Luther King</subfield>
    <subfield code="o">Mensuel romand de liaison, d'information et d'action des mouvements et groupes non-violents</subfield>
    <subfield code="t">Combat non-violent</subfield>
  </datafield>
  <datafield tag="606" ind1=" " ind2=" ">
    <subfield code="9">557</subfield>
    <subfield code="a">&#xC9;cologie</subfield>
  </datafield>
  <datafield tag="606" ind1=" " ind2=" ">
    <subfield code="9">692</subfield>
    <subfield code="a">Pacifisme</subfield>
  </datafield>
  <datafield tag="607" ind1=" " ind2=" ">
    <subfield code="9">397</subfield>
    <subfield code="a">Suisse romande</subfield>
  </datafield>
  <datafield tag="700" ind1=" " ind2=" ">
    <subfield code="9">6083</subfield>
    <subfield code="a">Hennet</subfield>
    <subfield code="b">Jean-Claude</subfield>
  </datafield>
  <datafield tag="701" ind1=" " ind2=" ">
    <subfield code="9">4059</subfield>
    <subfield code="a">Beck</subfield>
    <subfield code="b">Philippe</subfield>
    <subfield code="f">1952-</subfield>
  </datafield>
  <datafield tag="701" ind1=" " ind2=" ">
    <subfield code="9">211</subfield>
    <subfield code="a">Rime</subfield>
    <subfield code="b">Michel</subfield>
  </datafield>
  <datafield tag="701" ind1=" " ind2=" ">
    <subfield code="9">1279</subfield>
    <subfield code="a">Jeannerat</subfield>
    <subfield code="b">Jean-Philippe</subfield>
  </datafield>
  <datafield tag="710" ind1=" " ind2=" ">
    <subfield code="9">6084</subfield>
    <subfield code="a">Le Rebrousse-Poil</subfield>
  </datafield>
  <datafield tag="801" ind1=" " ind2=" ">
    <subfield code="a">FR</subfield>
    <subfield code="b">595126101</subfield>
    <subfield code="c">YYYYMMDD</subfield>
    <subfield code="g">AFNOR</subfield>
  </datafield>
  <datafield tag="955" ind1=" " ind2=" ">
    <subfield code="r">1979: 13-15, 17, 20-22;</subfield>
    <subfield code="r">1981: 40, 42/43-47-48;</subfield>
    <subfield code="r">1982: 49-58/59;</subfield>
    <subfield code="r">1983: 60-70/71;</subfield>
    <subfield code="r">1984: 72-82/83;</subfield>
    <subfield code="r">1985: 84-91</subfield>
  </datafield>
  <datafield tag="995" ind1=" " ind2=" ">
    <subfield code="1">0</subfield>
    <subfield code="2">0</subfield>
    <subfield code="3">0</subfield>
    <subfield code="5">2019-07-15</subfield>
    <subfield code="9">114</subfield>
    <subfield code="b">ARCHIC</subfield>
    <subfield code="c">ARCHIC</subfield>
    <subfield code="e">P&#xE9;riodiques</subfield>
    <subfield code="f">1112</subfield>
    <subfield code="h">Fontaine-Ferrari; Pierre Biner; June Howells Spalding ; CMJ/ASNS, LM, AH, CID</subfield>
    <subfield code="k">P123A</subfield>
    <subfield code="o">1</subfield>
  </datafield>
  <datafield tag="995" ind1=" " ind2=" ">
    <subfield code="1">0</subfield>
    <subfield code="2">0</subfield>
    <subfield code="3">0</subfield>
    <subfield code="5">2023-09-21</subfield>
    <subfield code="9">4551</subfield>
    <subfield code="b">ARCHIC</subfield>
    <subfield code="c">ARCHIC</subfield>
    <subfield code="e">Documents &#xE9;lectroniques</subfield>
    <subfield code="f">5501</subfield>
    <subfield code="k">ELP 1112</subfield>
    <subfield code="l">8 fichiers PDF (texte)</subfield>
    <subfield code="o">0</subfield>
    <subfield code="z">NB : plusieurs no endommag&#xE9;s</subfield>
  </datafield>
</record>
